000 00356nam a22001337a 4500
082 _a297.1227
_bNUS
_cL-31,P-124
110 _aTaJ Book company
_937361
245 _aNuskha e Kimiya
_cTaJ Book company
260 _aLahore.
_bTaj Book Company
_c1945
300 _a260.
526 _a0
_b0
_c0
_d297_122700000000000_NUS
650 _aMCE
_9379
942 _2ddc
_cBK
999 _c542241
_d542241